00943cam a22002651 4500001001300000003000400013005001700017007001500034008004100049010001700090035001900107040004900126042001200175050001600187100003000203245009100233260002100324300003800345490007100383500006400454530006900518650002200587856005100609999001700660e 23000163 DLC20260227111214.0cr_|||||||||||790430s1922 nyu 000 0 eng c ae 23000163  a(OCoLC)4911829 aU. S. Off. of Educ. LibrarycCCCdOCoLCdDLC apremarc00aLA1131b.M61 aMonroe, Paul,d1869-1947.02aA report on education in China (for American educational authorities)cby Paul Monroe. aNew York,c1922. a41, [2] p.bincl. tables.c23 cm.0 aThe Institute of International Education. Bulletin. 3d ser.vno. 4 aAt head of title: The Institute of International Education. aAlso available in digital form on the Internet Archive Web site. 0aEducationzChina.41uhttp://hdl.loc.gov/loc.gdc/scd0001.00198454746 c20619d20619